| 000 | 00379nam a2200145Ia 4500 | ||
|---|---|---|---|
| 008 | 230312s9999||||xx |||||||||||||| ||und|| | ||
| 082 |
_a612.75 _bNOR-M |
||
| 100 | _aNorkin;Cynthia.C | ||
| 245 | 0 | _aMeasurement of Joint Motion | |
| 260 |
_bF.A Devis Company _aIndia _c2003 |
||
| 300 | _a404 | ||
| 546 | _aEng. | ||
| 650 |
_aPhysiotherapy _vMeasurement of Joint Motion |
||
| 942 | _cBK | ||
| 999 |
_c7895 _d7895 |
||